000 00626nab a2200181 4500
001 244442
003 OSt
005 20230607155006.0
007 tu
008 200917s2020|||||||
040 _aDE-2950
_cDE-2950
245 0 0 _aFirst Solar bleibt ein Thema.
_bJobs. Seit Wochen wird über eine Rückkehr des Unternehmens nach Frankfurt spekuliert. Beim "Zukunftsforum" äußert sich Wirtschaftsminister Jörg Steinbach /
_cThomas Gutke
264 _c2023
653 _aFrankfurt (Oder)
653 _aFirst Solar
773 0 _g34. Jahrgang (2023) Nr. 127 vom 03.06.2023, S. 15: mit Foto
_tMärkische Oderzeitung
942 _2z
_cA
999 _c372521
_d372521